000
00303nam a22001337a 4500
008
170621b xxu||||| |||| 00| 0 eng d
020
_a
9780813323763
041
_a
eng
080
_a
32
100
_a
20
101
_a
SHP
245
_a
THE U.S INTELLIGENCE COMMUNITY
_c
RICHELSON, J.T
942
_2
udc
_c
BK
999
_c
18519
_d
18519